| 000 | 00741nam a22001937a 4500 | ||
|---|---|---|---|
| 005 | 20100817120241.0 | ||
| 010 | _aENG-100597 | ||
| 020 |
_a8185141606 _c210.00 |
||
| 035 | _aEN-84130 | ||
| 037 | _bDBAD/PUB | ||
| 082 | _a230 | ||
| 245 |
_aPratyabhijnahrdayam of ksemaraja : _bthe secret of recognition / _csanskrit text edited by the staff of the Adyar Library ; english translation by Kurt f Leidecker ; from german translation of Rev Emil Baer |
||
| 260 |
_aChennai _bThe Adyar Library and Research Centre _c2009 |
||
| 270 |
_aThe Theosophical Society Adyar Chennai _bChennai _e600020 |
||
| 300 |
_axiii,213p _c21cm(Hb) |
||
| 500 | _aIncludes bibliographical references and index | ||
| 700 |
_aLeidecker, Kurt _914317 |
||
| 942 |
_2ddc _cBN |
||
| 999 |
_c42274 _d42274 |
||